| 000 | 00968nam a2200313Ia 4500 | ||
|---|---|---|---|
| 003 | OSt | ||
| 005 | 20220912150310.0 | ||
| 006 | a|||||r|||| 00| 0 | ||
| 007 | ta | ||
| 008 | 220909b |||||||| |||| 00| 0 eng d | ||
| 020 | _a0471052548 (hbd) | ||
| 024 | _a64184 | ||
| 037 | _b068/06-07, 04/09/2006, N R Book Distributors | ||
| 037 | _cTextbook | ||
| 040 |
_aCSL _beng _cCSL |
||
| 041 | _aeng | ||
| 082 | _aH4224, J9;P5;2 TH | ||
| 100 | _aTodd David Keith | ||
| 245 | 0 | _aGroundwater hydrology | |
| 250 | _a3 | ||
| 260 |
_aNew Jersey _bJohn Wiley & Sons, Inc _c2005 |
||
| 300 |
_axvii, 636p. _ccm. |
||
| 500 |
_aIncludes bibliographical references.; Appendix A-C, 615-624p. _ccm.; Index 625-636p. _ccm. |
||
| 650 | _a Groundwater | ||
| 650 | _aGeology | ||
| 700 | _a Mays Larry W | ||
| 942 |
_hH4224, J9;P5;2 TH _cTB _2CC |
||
| 999 |
_c44316 _d44316 |
||